000 00688cam a22002414a 4500
020 _a9780821380772 (alk. paper)
020 _a082138077X (alk. paper)
040 _cDLC
082 0 0 _a363 NUT 2018 C025 Or.
245 0 0 _aScaling up nutrition :
_bwhat will it cost? /
300 _axxx, 100 pages :
_billustrations, map ;
_c23 cm
490 1 _aDirections in development. Human development
650 0 _aMalnutrition.
650 0 _aNutrition policy.
650 1 2 _aNutrition Policy
650 2 2 _aCost-Benefit Analysis.
650 2 2 _aHealth Resources
650 2 2 _aMalnutrition
650 2 2 _aMalnutrition
700 1 _aHorton, Susan.
710 2 _aWorld Bank.
942 _cAEDBB
999 _c22405
_d22405